000 01205nam a22003017a 4500
001 8517
003 FISKH
005 20250917105208.0
008 250917b cb ||||| |||| 00| 0 eng d
020 _a9780746006009
040 _aFISKH
_beng
_cFISKH
_dFISKH
050 _aJ591.59 MAY
082 _a591.59
100 _aMayes, Susan
245 _aHow do animals talk? /
_cSusan Mayes ; Designed by Claire Littlejohn, Brian Robertson and Mary Forster ; Illustrated by Angela Hargreaves, Philip Hood and Colin King
260 _aLondon :
_bUsborne Publishing,
_c1991.
300 _a24 pages :
_bcolor illustrations ;
_c18 cm
505 _aJ
520 _aIntroduces young children to fundamental aspects of nature, science and technology-- Inspired by the questions children ask about the world around them-- Simple text and detailed illustrations answer questions in clear, step-by-step stages
521 8 _a440
_bLexile estimate
521 8 _aJ
_bRaz-Plus
650 _aAnimal Communication
_vChildren's Book
700 _aHargreaves, Angela
_eillustrator
700 _aKing, Colin
_eillustrator
700 _aHood, Philip
_eillustrator
942 _2ddc
_cBK
_n0
999 _c8517
_d8517